Catálogo público

Antología de matemáticas (Record no. 45059)

MARC details
000 -CABECERA
campo de control de longitud fija 01331nam a22003497a 4500
003 - IDENTIFICADOR DEL NÚMERO DE CONTROL
campo de control CHAP
005 - FECHA Y HORA DE LA ÚLTIMA TRANSACCIÓN
campo de control 20220329135959.0
008 - DATOS DE LONGITUD FIJA--INFORMACIÓN GENERAL
campo de control de longitud fija 971013s1983 mx a r 00010 spa d
010 ## - NÚMERO DE CONTROL DE LA BIBLIOTECA DEL CONGRESO
Número de control de LC 45059
011 ## - ENLACE DEL NUMERO DE CONTROL DE LA BIBLIOTECA DEL CONGRESO [OBSOLETO]
Número de control de LC 46031
020 ## - NÚMERO INTERNACIONAL ESTÁNDAR DEL LIBRO
Número Internacional Estándar del Libro 9685806055
035 ## - NÚMERO DE CONTROL DEL SISTEMA
Número de control de sistema 50171
040 ## - FUENTE DE LA CATALOGACIÓN
Centro/agencia transcriptor CHAP
082 ## - NÚMERO DE LA CLASIFICACIÓN DECIMAL DEWEY
Número de clasificación 510
Número de documento/Ítem U54
110 ## - ENTRADA PRINCIPAL--NOMBRE DE ENTIDAD CORPORATIVA
Nombre de entidad corporativa o nombre de jurisdicción como elemento de entrada Universidad Nacional Autónoma de México. Colegio de Ciencias y Humanidades
9 (RLIN) 116502
245 10 - MENCIÓN DE TÍTULO
Título Antología de matemáticas
Mención de responsabilidad, etc. /por UNAM. Colegio de Ciencias y Humanidades
260 ## - PUBLICACIÓN, DISTRIBUCIÓN, ETC.
Lugar de publicación, distribución, etc. México, D.F. :
Nombre del editor, distribuidor, etc. La Universidad,
Fecha de publicación, distribución, etc. [1971,1983]
300 ## - DESCRIPCIÓN FÍSICA
Extensión v.
490 #0 - MENCIÓN DE SERIE
Mención de serie Lecturas universitarias
Designación de volumen o secuencia ; 7, 8
500 ## - NOTA GENERAL
Nota general La biblioteca tiene: v.1 Introducción história, v.2 Desarrollo actual y aplicaciones
590 ## - NOTA LOCAL (RLIN)
Nota local BATCH-UPD
Procedencia (VM) [OBSOLETO] 10
Condición del los carretes individuales (VM) [OBSOLETO] 20130110
-- UCH01
-- 1018
590 ## - NOTA LOCAL (RLIN)
Nota local BATCH-UPD
Procedencia (VM) [OBSOLETO] 10
Condición del los carretes individuales (VM) [OBSOLETO] 20130410
-- UCH01
-- 0625
590 ## - NOTA LOCAL (RLIN)
Nota local BATCH-UPD
Procedencia (VM) [OBSOLETO] 10
Condición del los carretes individuales (VM) [OBSOLETO] 20130914
-- UCH01
-- 1718
590 ## - NOTA LOCAL (RLIN)
Nota local CONVERSION
Procedencia (VM) [OBSOLETO] 10
Condición del los carretes individuales (VM) [OBSOLETO] 20130109
-- UCH01
-- 1325
650 14 - PUNTO DE ACCESO ADICIONAL DE MATERIA--TÉRMINO DE MATERIA
Término de materia o nombre geográfico como elemento de entrada Matemáticas.
9 (RLIN) 72901
830 0# - PUNTO DE ACCESO ADICIONAL DE SERIE-TÍTULO UNIFORME
Título uniforme Lecturas universitarias
Designación de volumen o secuencia ; 7, 8
9 (RLIN) 65518
901 ## - ELEMENTOS DE DATOS A LOCAL LDA (RLIN)
a BK
942 ## - ELEMENTOS DE PUNTO DE ACCESO ADICIONAL (KOHA)
Tipo de ítem Koha Libro
949 ## - PROCESAMIENTO DE INFORMACIÓN LOCAL (OCLC)
a 510 U54
b BC
c LIBRO
d 33724000412607
e LIBRO
f v.1 c.2
g I.c/e
h 69364
i 50171
s i
949 ## - PROCESAMIENTO DE INFORMACIÓN LOCAL (OCLC)
a 510 U54
b BC
c LIBRO
d 33724000916185
e LIBRO
f v.1
g I.c/e
h 69363
i 50171
s i
949 ## - PROCESAMIENTO DE INFORMACIÓN LOCAL (OCLC)
a 510 U54
b BC
c LIBRO
d 33724002236108
e LIBRO
f v.2
g DonaciØn
h 114296
i 50171
s b
Holdings
Estado de retiro Estado de pérdida Fuente del sistema de clasificación o colocación Estado dañado Restricciones de uso No para préstamo Código de colección Localización permanente Ubicación/localización actual Ubicación en estantería Fecha de adquisición Fuente de adquisición Información codificada de la localización en otra ubicación Total de préstamos Signatura topográfica completa Código de barras Fecha visto por última vez Número de copia Precio válido a partir de Tipo de ítem Koha
    Dewey Decimal Classification   Préstamo 15 días   General Biblioteca Central Biblioteca Central Planta alta - Colección General 31/12/2019 Donacion LIBRO   510 U54 33724002236108 31/12/2019 v.2 31/12/2019 Libro
    Dewey Decimal Classification   Préstamo 15 días   General Biblioteca Central Biblioteca Central Planta alta - Colección General 31/12/2019 I.c/e LIBRO   510 U54 33724000412607 31/12/2019 v.1 c.2 31/12/2019 Libro
    Dewey Decimal Classification   Préstamo 15 días   General Biblioteca Central Biblioteca Central Planta alta - Colección General 31/12/2019 I.c/e LIBRO   510 U54 33724000916185 31/12/2019 v.1 31/12/2019 Libro